| 000 | 00393nam a2200157Ia 4500 | ||
|---|---|---|---|
| 005 | 20250603145742.0 | ||
| 008 | 250603s9999 xx 000 0 und d | ||
| 020 | _a9780751874 | ||
| 245 | 0 | _aSource book on political parties’ manifestoes constitutions | |
| 260 | _aAbuja | ||
| 260 | _bNational Orientation Agency | ||
| 260 | _c2011 | ||
| 300 | _a1633 p | ||
| 650 | _aAbuja | ||
| 942 | _cBK | ||
| 999 |
_c42748 _d42748 |
||